|
|
|
|
| LEADER |
00000nab a2200000 a 4500 |
| 001 |
vtls010194458 |
| 003 |
SK-MaSNL |
| 005 |
20260305000000.0 |
| 008 |
250507c2010 xo |||||||||||000 b|slo |
| 015 |
|
|
|a SNBRB2010/12
|2 snkbucl
|
| 035 |
|
|
|a (uuid)c0cb5bf6-bf91-46ec-a78a-8e74445b6875
|
| 035 |
|
|
|a urn:nbn:sk:snk-ab9ho6
|
| 035 |
|
|
|a (urnnbn)urn:nbn:sk:snk:ar-a08f0z
|
| 038 |
|
|
|a SNKBUCL
|
| 040 |
|
|
|a SNKBUCL
|b slo
|c SNKBUCL
|e AACR2
|
| 041 |
0 |
|
|a slo
|
| 044 |
|
|
|a xo
|c SK
|
| 080 |
|
|
|a 674:061.4
|x (100)
|2 1997
|
| 100 |
1 |
|
|a Mrník, Anton
|4 aut
|9 270738
|
| 245 |
1 |
0 |
|a Výrobcovia si mohli vybrať nové technológie do dielní
|c Anton Mrník
|
| 300 |
|
|
|b Fotogr.
|
| 611 |
2 |
7 |
|a LIGNUMEXPO
|n (17. :
|d 2010 :
|c Nitra, Slovensko)
|2 snkbucl
|9 1574041
|
| 650 |
0 |
7 |
|a drevárstvo
|2 snkbucl
|9 1116
|
| 650 |
0 |
7 |
|a drevoobrábacie stroje
|2 snkbucl
|9 20223
|
| 651 |
|
7 |
|a Nitra (Slovensko)
|2 snkbucl
|9 15714
|
| 773 |
0 |
|
|t Stolársky magazín
|g Roč. 11, č. 11 (2010), s. 34-37
|x 1335-7018
|
| 850 |
|
|
|a Slovenská národná knižnica
|
| 852 |
|
|
|a Slovenská národná knižnica
|
| 954 |
|
|
|a odborná, vedecká literatúra pôvodná (slovenská)
|2 lita
|
| 958 |
|
|
|a article13
|
| 958 |
|
|
|a OND
|
| 958 |
|
|
|a SK
|
| 958 |
|
|
|a EUIPO
|
| 999 |
|
|
|c 3211607
|d 3213537
|